| 000 | 00615nam a2200205Ia 4500 | ||
|---|---|---|---|
| 003 | OSt | ||
| 005 | 20251117103608.0 | ||
| 008 | 210210b2007 xxu||||| |||| 00| 0 eng d | ||
| 040 | _cAL | ||
| 041 | _aKannada | ||
| 082 | _aK894.301 CHAS | ||
| 100 |
_aCHANDRASHEKARA ALURU _dಚಂದ್ರಶೇಖರ ಆಲೂರು _9245831 |
||
| 245 |
_aSavira kannina navilu _bಸಾವಿರ ಕಣ್ಣಿನ ನವಿಲು |
||
| 260 |
_aBengaluru _bKathana Prakashana _c2007 |
||
| 300 | _a109 | ||
| 650 |
_aಕಥಾಸಂಕಲನ _9245832 |
||
| 690 |
_aKannada Fiction _9245833 |
||
| 906 | _a063150 | ||
| 942 |
_2ddc _cBK |
||
| 999 |
_c134603 _d134603 |
||